Documento firmado por el Rey Felipe V (Record no. 4651)
[ view plain ]
| 000 -CABECERA | |
|---|---|
| campo de control de longitud fija | 01340nam a2200301 a 4500 |
| 001 - NÚMERO DE CONTROL | |
| campo de control | BRCA_4957 |
| 005 - FECHA Y HORA DE LA ÚLTIMA TRANSACCIÓN | |
| campo de control | 20190320204858.0 |
| 008 - DATOS DE LONGITUD FIJA--INFORMACIÓN GENERAL | |
| campo de control de longitud fija | 221010s1740----mx-#######---#000-0#spa-# |
| 041 ## - CÓDIGO DE LENGUA | |
| Código de lengua del texto/banda sonora o título independiente | spa |
| 044 ## - CÓDIGO DEL PAÍS DE LA ENTIDAD EDITORA/PRODUCTORA | |
| Código MARC del país | mx |
| 084 ## - OTRO NÚMERO DE CLASIFICACIÓN | |
| Número de clasificación | DOC49 |
| Número de documento/Ítem | .F45 |
| -- | 1740 |
| 100 1# - ENTRADA PRINCIPAL--NOMBRE DE PERSONA | |
| Nombre de persona | Felipe |
| Numeración | V |
| Títulos y otros términos asociados al nombre | Rey de España |
| Fechas asociadas al nombre | 1683-1746 |
| 9 (RLIN) | 12612 |
| 245 10 - MENCIÓN DE TÍTULO | |
| Título | Documento firmado por el Rey Felipe V |
| Mención de responsabilidad, etc. | Felipe V. |
| 260 ## - PUBLICACIÓN, DISTRIBUCIÓN, ETC. | |
| Lugar de publicación, distribución, etc. | Madrid |
| Fecha de publicación, distribución, etc. | 1740 |
| 300 ## - DESCRIPCIÓN FÍSICA | |
| Extensión | [2] fojas |
| Dimensiones | 30 x 21 cm. |
| 500 ## - NOTA GENERAL | |
| Nota general | Documento firmado el 7 de enero de 1740. |
| 500 ## - NOTA GENERAL | |
| Nota general | Comunicado del Rey dirigido al Obispo de la Iglesia Catedral de Puebla, manifestándole con motivo de la guerra declarada con ingleses, contribuya a impedir cualquier insulto que por ellos se intente en continuación al buen celo y amor que siempre se le ha experimentado. |
| 500 ## - NOTA GENERAL | |
| Nota general | [Real Cédula] Firmada como ´Yo el Rey´. |
| 500 ## - NOTA GENERAL | |
| Nota general | El documento contiene la leyenda DOC. #59. |
| 500 ## - NOTA GENERAL | |
| Nota general | Papel con marca de agua. |
| 506 0# - NOTA DE RESTRICCIONES AL ACCESO | |
| Limitaciones de acceso | Fondo Reservado. Para su consulta es necesario credencial de usuario y carta de motivos. |
| 546 ## - NOTA DE LENGUA/LENGUAJE | |
| Nota de lengua/lenguaje | Texto en: español de principios del mediados del siglo XVIII. |
| 600 14 - PUNTO DE ACCESO ADICIONAL DE MATERIA--NOMBRE DE PERSONA | |
| Nombre de persona | Felipe |
| Numeración | V |
| Títulos y otros términos asociados al nombre | Rey de España |
| Fechas asociadas al nombre | 1683-1746 |
| Subdivisión general | Historia |
| 9 (RLIN) | 12613 |
| 650 14 - PUNTO DE ACCESO ADICIONAL DE MATERIA--TÉRMINO DE MATERIA | |
| Término de materia o nombre geográfico como elemento de entrada | Documentos legales |
| Subdivisión geográfica | España |
| 9 (RLIN) | 12614 |
| 651 #4 - PUNTO DE ACCESO ADICIONAL DE MATERIA--NOMBRE GEOGRÁFICO | |
| Nombre geográfico | México |
| Subdivisión general | Historia |
| Subdivisión cronológica | Colonia, 1521-1821 |
| 9 (RLIN) | 12461 |
| 902 ## - CATALOGADOR | |
| Iniciales | FDH |
| 942 ## - ELEMENTOS DE PUNTO DE ACCESO ADICIONAL (KOHA) | |
| Fuente del sistema de clasificación o colocación | Library of Congress Classification |
| Tipo de ítem Koha | Documentos |
| Estado de retiro | Estado de pérdida | Estado dañado | No para préstamo | Localización permanente | Ubicación/localización actual | Fecha de adquisición | Total de préstamos | Signatura topográfica completa | Código de barras | Fecha visto por última vez | Precio válido a partir de | Tipo de ítem Koha |
|---|---|---|---|---|---|---|---|---|---|---|---|---|
| El ejemplar forma parte de la colección y puede ser consultado según las políticas vigentes. | Biblioteca del Museo Franz Mayer (Rogerio Casas-Alatriste) | Biblioteca del Museo Franz Mayer (Rogerio Casas-Alatriste) | 22/10/2010 | DOC49 .F45 1740 | 5019 | 22/03/2019 | 22/03/2019 | Documentos |